Curt Nimuendaju, Les Indiens Palikur et leurs voisins, Éd. par Pierre Grenand ; trad. de l’allemand par W. Steiner et J. Lecler. Paris, Éd. du Cths / Orléans, Presses universitaires d’Orléans, 2008 188 p., bibl., lexique, ill., fig., cartes (« Encyclopédie palikur » 1) (notice n° 1646438)
[ vue normale ]
| 000 -LEADER | |
|---|---|
| fixed length control field | 00689cam a2200145 4500500 |
| 005 - DATE AND TIME OF LATEST TRANSACTION | |
| control field | 20260208002442.0 |
| 041 ## - LANGUAGE CODE | |
| Language code of text/sound track or separate title | fre |
| 042 ## - AUTHENTICATION CODE | |
| Authentication code | dc |
| 100 10 - MAIN ENTRY--PERSONAL NAME | |
| Personal name | Masset, Claude |
| Relator term | author |
| 245 00 - TITLE STATEMENT | |
| Title | Curt Nimuendaju, Les Indiens Palikur et leurs voisins, Éd. par Pierre Grenand ; trad. de l’allemand par W. Steiner et J. Lecler. Paris, Éd. du Cths / Orléans, Presses universitaires d’Orléans, 2008 188 p., bibl., lexique, ill., fig., cartes (« Encyclopédie palikur » 1) |
| 260 ## - PUBLICATION, DISTRIBUTION, ETC. | |
| Date of publication, distribution, etc. | 2011.<br/> |
| 500 ## - GENERAL NOTE | |
| General note | 54 |
| 786 0# - DATA SOURCE ENTRY | |
| Note | L'Homme | 200 | 4 | 2011-11-01 | p. 227k-255k | 0439-4216 |
| 856 41 - ELECTRONIC LOCATION AND ACCESS | |
| Uniform Resource Identifier | <a href="https://shs.cairn.info/revue-l-homme-2011-4-page-227k?lang=fr&redirect-ssocas=7080">https://shs.cairn.info/revue-l-homme-2011-4-page-227k?lang=fr&redirect-ssocas=7080</a> |
Pas d'exemplaire disponible.




Réseaux sociaux